名字与河流相关的县区 小河篇 Counties with rivers in their names - Statistics

General Stats
  • This quiz has been taken 109 times
  • The average score is 26 of 42
Answer Stats
地级行政区 县区 % Correct
本溪市 本溪满族自治县
89%
北京市 门头沟区
89%
成都市 双流区
87%
宁波市 慈溪市
80%
贵阳市 花溪区
78%
无锡市 梁溪区
78%
泉州市 安溪县
76%
金华市 兰溪市
74%
鹰潭市 贵溪市
72%
湘西土家族苗族自治州 泸溪县
70%
玉林市 北流市
70%
自贡市 自流井区
70%
宜宾市 南溪区
67%
阿坝藏族羌族自治州 九寨沟县
67%
宣城市 绩溪县
65%
淮北市 濉溪县
65%
湛江市 遂溪县
65%
黄山市 屯溪区
65%
榆林市 清涧县
65%
广元市 苍溪县
63%
三明市 明溪县
63%
宣城市 郎溪县
59%
重庆市 巫溪县
59%
洛阳市 涧西区
59%
乌鲁木齐市 水磨沟区
59%
齐齐哈尔市 昂昂溪区
57%
梧州市 岑溪市
57%
抚州市 金溪县
57%
泸州市 纳溪区
57%
抚州市 资溪县
57%
本溪市 溪湖区
54%
岳阳市 云溪区
54%
周口市 扶沟县
54%
十堰市 竹溪县
52%
遂宁市 蓬溪县
50%
南平市 松溪县
50%
三明市 尤溪县
50%
怀化市 辰溪县
48%
九江市 濂溪区
48%
萍乡市 芦溪县
48%
三明市 清流县
48%
大理白族自治州 南涧彝族自治县
46%
No matching quizzes found
Score Distribution
Percent of People with Each Score
Percentile by Number Answered
Your Score History
You have not taken this quiz